Visualize, vitalize Christian teaching: (Record no. 9960)

000 -LEADER
fixed length control field 00689nam a2200193 a 4500
001 - CONTROL NUMBER
control field :::00007745$&:&@@
003 - CONTROL NUMBER IDENTIFIER
control field OkBaRHE
005 - DATE AND TIME OF LATEST TRANSACTION
control field 20000607103339.0
008 - FIXED-LENGTH DATA ELEMENTS--GENERAL INFORMATION
fixed length control field s1959 j 000 0 eng u
040 ## - CATALOGING SOURCE
Transcribing agency
100 1# - MAIN ENTRY--PERSONAL NAME
Personal name Manson, Olive Holmes.
245 10 - TITLE STATEMENT
Title Visualize, vitalize Christian teaching:
Remainder of title a handbook on the use of non-projected audio-visuals.
260 ## - PUBLICATION, DISTRIBUTION, ETC. (IMPRINT)
Place of publication, distribution, etc Los Angeles, CA., :
Name of publisher, distributor, etc Cowman Publications
Date of publication, distribution, etc c1959
300 ## - PHYSICAL DESCRIPTION
Extent 92 p. : illus. ;
Dimensions 25 cm.
650 ## - SUBJECT ADDED ENTRY--TOPICAL TERM
Topical term or geographic name as entry element Religious Education
General subdivision Audio-visual Aids
650 ## - SUBJECT ADDED ENTRY--TOPICAL TERM
Topical term or geographic name as entry element Sunday-schools
General subdivision Audio-visual Aids
942 ## - ADDED ENTRY ELEMENTS (KOHA)
Source of classification or shelving scheme
Koha item type Books
Copies
Lost status Date acquired Price effective from Damaged status Permanent Location Full call number Withdrawn status Copy number Source of classification or shelving scheme Date last seen Shelving location Barcode Not for loan Koha item type
 2010-04-142010-04-14 RHEMA Bible Training CollegeBV 1535 .M3 1 2010-04-14General Stacks7745 Books